| 000 | 01125cam a2200229 4500 | ||
|---|---|---|---|
| 001 | WB@3612-814 | ||
| 008 | 040728n2004 000 0 eng u | ||
| 035 | _a(Sirsi) u126962 | ||
| 245 | _aFarmland market | ||
| 260 | _c2004 | ||
| 490 |
_aFPD Savills Research _v(04-04) July 2004 (6) |
||
| 520 | _aAccording to the latest FPDSavills "Review of farmland market - 1st half 2004", farmland values continued to increase, by almost 10%. However, the number of acres marketed across Great Britain remained limited with 25% fewer acres marketed compared with 2003. Figures also show that less than 50 000 acres were put up for sale - this is 52% less than the average recorded during the three years leading up to 2001. See the website for the full report. http://www.fpdsavills.co.uk/research.asp?content=% 5Cuber%5Fresearch%5C4762%2Ehtm&subcategory=none&co ntenttype=research&category=Rural | ||
| 590 | _aWB | ||
| 590 | _aWB | ||
| 650 | _aRURAL AREAS | ||
| 650 | _aRURAL DEVELOPMENT | ||
| 650 | _aFARMLAND MARKET | ||
| 650 | _aFARMLAND SALES | ||
| 650 | _aFARMLAND PRICES | ||
| 690 | _aRURAL-MARKET | ||
| 942 | _n0 | ||
| 999 |
_c117786 _d117786 |
||